| 000 | 00430nam a22001577a 4500 | ||
|---|---|---|---|
| 008 | 221107b |||||||| |||| 00| 0 eng d | ||
| 082 | _aCD20943 | ||
| 100 | _aPoudyal, Bishnu Prasad | ||
| 245 | _aBhimnidhi tiwariko upanyaskarita | ||
| 260 |
_aKathmandu: _c2068BS |
||
| 504 | _aDissertation (Degree in Nepali), TU | ||
| 650 | _aBiography | ||
| 650 | _aTiwari, Bhimnidhi- biography | ||
| 650 | _aCriticism | ||
| 942 |
_2ddc _cVM |
||
| 999 |
_c105748 _d105736 |
||